El contrato de trabajo deportivo a través de la jurisprudencia / (Record no. 184893)

MARC details
000 -LEADER
campo de control de longitud fija 01145nam a2200313 i 4500
001 - NÚMERO DE CONTROL
campo de control 184893
003 - IDENTIFICADOR DE NÚMERO DE CONTROL
campo de control SpMaBN
005 - FECHA Y HORA DE LA ÚLTIMA TRANSACCIÓN
campo de control 20250826035941.0
008 - DATOS DE LONGITUD FIJA--INFORMACIÓN GENERAL
campo de control de longitud fija 160216s2015 sp |||| | spa d
020 ## - NÚMERO INTERNACIONAL ESTÁNDAR DEL LIBRO
Número Internacional Estándar del Libro 978-84-16268-89-4
080 ## - NÚMERO DE LA CLASIFICACIÓN DECIMAL UNIVERSAL
Número de la Clasificación Decimal Universal 349.22:796
100 1# - ENTRADA PRINCIPAL--NOMBRE DE PERSONA
Nombre de persona Desdentado Bonete, Aurelio.
9 (RLIN) 43867
245 13 - MENCIÓN DEL TÍTULO
Título El contrato de trabajo deportivo a través de la jurisprudencia /
Mención de responsabilidad, etc. [Aurelio Desdentado Bonete, Ana Belén Muñoz Ruiz].
250 ## - MENCION DE EDICION
Mención de edición Act. a 7 de dic. de 2015.
260 ## - PUBLICACIÓN, DISTRIBUCIÓN, ETC.
Lugar de publicación, distribución, etc. Madrid :
Nombre del editor, distribuidor, etc. Francis Lefebvre,
Fecha de publicación, distribución, etc. 2015.
300 ## - DESCRIPCIÓN FÍSICA
Extensión 241 p. ;
Dimensiones 22 cm.
490 1# - MENCIÓN DE SERIE
Mención de serie Claves prácticas
500 ## - NOTA GENERAL
Nota general Anexo de jurisprudencia.
500 ## - NOTA GENERAL
Nota general Índice.
596 ## - NOTA AL PIE DE IMPRENTA
NOTA AL PIE DE IMPRENTA En contracub.: Lefebvre-El Derecho.
650 #7 - PUNTO DE ACCESO ADICIONAL DE MATERIA--TÉRMINO DE MATERIA
Término de materia o nombre geográfico como elemento de entrada Deportistas-
Subdivisión general Contratos.
9 (RLIN) 158773
700 1# - ENTRADA AGREGADA--NOMBRE PERSONAL
Nombre de persona Muñoz Ruiz, Ana Belén.
9 (RLIN) 158774
710 2# - ENTRADA AGREGADA--NOMBRE DE ENTIDAD CORPORATIVA
Nombre de entidad corporativa o nombre de jurisdicción como elemento de entrada Ediciones Francis Lefebvre.
9 (RLIN) 158696
710 2# - ENTRADA AGREGADA--NOMBRE DE ENTIDAD CORPORATIVA
Nombre de entidad corporativa o nombre de jurisdicción como elemento de entrada El Derecho (Editorial)
9 (RLIN) 158682
830 00 - PUNTO DE ACCESO ADICIONAL DE SERIE-TÍTULO UNIFORME
Título uniforme Claves prácticas Francis Lefebvre
9 (RLIN) 192249
852 ## - LOCALIZACIÓN
Ubicación ES-MaACL
Número de control de estantería A-15282
itemnumber 191909
Sublocalización o colección R.151094
Ubicación en estantería Depósito 1
Signatura antigua Olim: L 349.22 DES con
-- Olim: Meseton
Donativo/Legado Donación: Editorial
942 ## - ELEMENTOS DE ENTRADA SECUNDARIOS (KOHA)
Fuente del sistema de clasificación o colocación Clasificación decimal universal
Holdings
Estatus retirado Estado de pérdida Fuente del sistema de clasificación o colocación Estado de daño No para préstamo Biblioteca de origen Biblioteca actual Ubicación en estantería Fecha de adquisición Fuente de adquisición Total de préstamos Signatura topográfica completa Código de barras Visto por última vez Precio de reemplazo Tipo de ítem Koha
    Clasificación decimal universal     Biblioteca del Ateneo de Madrid Biblioteca del Ateneo de Madrid Depósito 1 16/02/2016 Donación   A-15282 1194733 23/02/2023 23/02/2023 Libro impreso